History Quiz

Random History or Clickable Quiz
Score 0/9 Timer 02:00
0 Plays Today
% Correct
Thomas Edison
85.5%
Alexander Graham Bell
84.1%
J.P. Morgan
78.9%
Andrew Carnegie
75.5%
John D. Rockefeller
75.3%
Cornelius Vanderbilt
70.2%
George Pullman
63.6%
Swift and Armour
59.4%
Henry Bessemer
52.3%
Remove Ads.
Support Sporcle.
Get the best of Sporcle when you Go Orange. This ad-free experience offers more features, more stats, and more fun while also helping to support Sporcle. Thank you for becoming a member.

You're not logged in!

Compare scores with friends on all Sporcle quizzes.
OR
Log In

Show Comments

Extras

Top Quizzes Today


Score Distribution

Your Account Isn't Verified!

In order to create a playlist on Sporcle, you need to verify the email address you used during registration. Go to your Sporcle Settings to finish the process.

Report this User

Report this user for behavior that violates our Community Guidelines.

Details: